Chess 2025 Song Quiz - Statistics

General Stats
  • This quiz has been taken 3 times
  • The average score is 19 of 33
Answer Stats
Hint Answer % Correct
39 Endgame (Pt. 1)
100%
30 Endgame (Pt. 2)
100%
20 One Night in Bangkok
100%
27 Pity the Child
100%
4 Pity the Child #1
100%
15 Pity the Child #2
100%
25 The Deal (Pt. 1)
100%
26 The Deal (Pt. 2)
100%
18 Anthem
67%
2 Difficult and Dangerous Times (US v USSR)
67%
14 Florence Quits
67%
19 Golden Bangkok
67%
28 I Know Him so Well
67%
13 Mountain Duet
67%
1 Overture
67%
10 Quartet (Model of Decorum and Tranquility)
67%
3 Where I Want to Be
67%
11 1956, Budapest Is Rising
33%
9 Chess Match #1
33%
33 Epilogue
33%
21 He is a Man, He is a Child
33%
5 Merano
33%
12 Nobody's Side
33%
7 Press Conference
33%
31 Someone Else's Story
33%
8 The Arbiter
33%
23 The Interview
33%
22 The Soviet Machine
33%
6 What a Scene/What a Joy
33%
24 You and I
33%
32 You and I (Reprise)
33%
17 Anatoly and the Press
0%
16 Heaven Help My Heart
0%
No matching quizzes found
Score Distribution
Percent of People with Each Score
Percentile by Number Answered
Your Score History
You have not taken this quiz